| Tag |
First Indicator |
Second Indicator |
Subfields |
| LEADER |
00000cam a2200000 4500 |
| 001 |
in00000028450 |
| 005 |
20151007061435.0 |
| 008 |
760114s1916 mau 00011 eng |
| 010 |
|
|
|a 16006641
|
| 035 |
|
|
|a (OCoLC)01926345
|
| 035 |
|
|
|9 AAD2095AM
|
| 040 |
|
|
|a DLC
|c RBN
|d RBN
|d TXA
|d UtOrBLW
|
| 049 |
|
|
|a TXAM
|c [369906]
|
| 050 |
|
0 |
|a PS3501.R52
|b I3 1916
|
| 092 |
|
|
|a 811
|b A681i
|
| 100 |
1 |
|
|a Arensberg, Walter,
|d 1878-1954.
|
| 245 |
1 |
0 |
|a Idols /
|c by Walter Conrad Arensberg.
|
| 264 |
|
1 |
|a Boston,
|a New York :
|b Houghton Mifflin Co.,
|c 1916.
|
| 300 |
|
|
|a 80 pages, 2 unnumbered pages ;
|c 21 cm.
|
| 336 |
|
|
|a text
|b txt
|2 rdacontent
|
| 337 |
|
|
|a unmediated
|b n
|2 rdamedia
|
| 338 |
|
|
|a volume
|b nc
|2 rdacarrier
|
| 490 |
1 |
|
|a On cover: The new poetry series
|
| 830 |
|
0 |
|a New poetry series (Boston, Mass.)
|
| 999 |
|
|
|a MARS
|
| 999 |
f |
f |
|s 127708fa-78fe-3d03-9fe7-33f6e9557762
|i 6f4334d5-18db-3e0a-8985-3acbcb38677b
|t 0
|
| 952 |
f |
f |
|p ric
|a Texas A&M University
|b Rellis Campus
|c Joint Library Facility
|d Remote Storage
|t 0
|e PS3501.R52 I3 1916
|h Library of Congress classification
|i unmediated -- volume
|m A14801213302
|
| 998 |
f |
f |
|a PS3501.R52 I3 1916
|t 0
|l Remote Storage
|